000 00547nam a2200181Ia 4500
005 20250508154013.0
008 008 250505s9999 xx 000 0 eng d
037 _aTextual
040 _aFEDL
_beng
_cFEDL
041 _aeng
_2eng
084 _a378.99, MUR
_qFEDL
100 _aMurray-Browne Eva
_9764836
245 0 _aGoing to the University and technical college: A guide to courses and careers
260 _aLondon, UK
_bB T Batsford Ltd
_c1963
300 _a240p
942 _cTEXL
_h378.99, MUR
999 _c1346962
_d1346962